000 00390nam a2200133Ia 4500
008 191201s2012 xx 000 0 und d
100 _aTRIVEDI, Kishor S
245 0 _aProbability and Statistics with Reliability, Queuing, and Computer Science Applications
250 _aRep
260 _aN. Delhi
_bWiley Dreautech India
_c2012
300 _a830
650 _aM.Tech(CSE)
942 _2ddc
_cBK
999 _c5496
_d5496